[Event "Hoogovens"]
[Site "Wijk aan Zee"]
[Date "1973.??.??"]
[Round "1"]
[White "Zuidema, Coenraad"]
[Black "Donner, Jan Hein"]
[Result "1/2-1/2"]
[WhiteElo "2430"]
[BlackElo "2470"]

1.e4 c5 2.Nf3 d6 3.d4 cxd4 4.Nxd4 Nf6 5.Nc3 a6 6.f4 e5 7.Nf3 Nbd7 8.Bc4 b5
9.Bb3 Be7 10.Qe2 O-O 11.O-O Bb7 12.Kh1 Nc5 13.fxe5 Nfxe4 14.Nxe4 Bxe4 15.exd6 Qxd6
16.Bg5 Rae8 17.Rad1 Qg6 18.Bxe7 Rxe7 19.Bd5 Rfe8 20.Qf2 Bxd5 21.Rxd5 Ne4
22.Qd4 Nf6 23.Rg5  1/2-1/2

[Event "Hoogovens"]
[Site "Wijk aan Zee"]
[Date "1973.??.??"]
[Round "1"]
[White "Andersson, Ulf"]
[Black "Ree, Hans"]
[Result "1/2-1/2"]
[WhiteElo "2535"]
[BlackElo "2480"]

1.Nf3 Nf6 2.c4 g6 3.Nc3 d5 4.cxd5 Nxd5 5.g3 Bg7 6.Bg2 O-O 7.O-O c5 8.Nxd5 Qxd5
9.d3 Na6 10.a3 Qd6 11.Rb1 Bd7 12.Be3 e5 13.Nd2 Bc6 14.Nc4 Qd7 15.Bxc6 Qxc6
16.b4 cxb4 17.axb4 Nc7 18.Qb3 Nb5 19.Rfc1 Qd5 20.Na3 Qxb3 21.Rxb3 Nd4 22.Bxd4 exd4
23.Rc7 b6 24.Nb5 a5 25.Na7 Rfe8 26.Kf1 Bf8 27.b5 Re7 28.Rxe7 Bxe7 29.Nc6 Bc5
30.Rb2 a4 31.Ra2 a3 32.e3 dxe3 33.d4 Bd6 34.fxe3 f5 35.Ke2 Kf7 36.Kd3 Re8
37.Rc2 h5 38.Rf2 Re4 39.Rc2 h4 40.Rc4 hxg3 41.hxg3 Bxg3 42.Ra4 Bd6 43.Ra6 Re8
44.Kc4 Rxe3 45.Kd5 Bf8 46.Ne5+ Kg7 47.Rxb6 Rb3 48.Rxg6+ Kh7 49.Ra6 Rxb5+
50.Kc4 Rb7 51.Nd3 Rb1 52.Ra8 Bd6  1/2-1/2

[Event "Hoogovens"]
[Site "Wijk aan Zee"]
[Date "1973.??.??"]
[Round "1"]
[White "Szabo, Laszlo"]
[Black "Ribli, Zoltan"]
[Result "1/2-1/2"]
[WhiteElo "2555"]
[BlackElo "2505"]

1.c4 g6 2.Nc3 c5 3.Nf3 Bg7 4.d4 cxd4 5.Nxd4 Nc6 6.Nc2 Bxc3+ 7.bxc3 Nf6 8.Nb4 Qa5
9.Nd5 Ne4 10.Qc2 Nd6 11.e4 Ne5 12.Bf4 f6 13.Be2 Ndf7 14.Be3 d6 15.Rb1 Nd7
16.O-O e6 17.Nf4 Ke7 18.Nd3 Qc7 19.f4 b6 20.f5 Nde5 21.Nf4 g5 22.Nxe6 Bxe6
23.fxe6 Nd8 24.c5 dxc5 25.Rbd1 Nxe6 26.Rd5  1/2-1/2

[Event "Hoogovens"]
[Site "Wijk aan Zee"]
[Date "1973.??.??"]
[Round "2"]
[White "Langeweg, Kick"]
[Black "Hartoch, Robert G"]
[Result "1/2-1/2"]
[WhiteElo "2425"]
[BlackElo "2430"]

1.e4 d6 2.Nf3 g6 3.d4 Nf6 4.Nbd2 Bg7 5.c3 O-O 6.Be2 Nc6 7.b4 e5 8.dxe5 Nxe5
9.Nxe5 dxe5 10.O-O c6 11.Qc2 Qc7 12.Nc4 Be6 13.a4 Rfd8 14.a5 Nh5 15.Bxh5 Bxc4
16.Be2 Be6 17.Be3 f5  1/2-1/2

[Event "Hoogovens"]
[Site "Wijk aan Zee"]
[Date "1973.??.??"]
[Round "2"]
[White "Najdorf, Miguel"]
[Black "Zuidema, Coenraad"]
[Result "1/2-1/2"]
[WhiteElo "2540"]
[BlackElo "2430"]

1.d4 Nf6 2.c4 e6 3.Nf3 d5 4.Nc3 Be7 5.Bg5 O-O 6.e3 h6 7.Bh4 b6 8.cxd5 Nxd5
9.Bxe7 Qxe7 10.Nxd5 exd5 11.Rc1 Be6 12.Qa4 Rc8 13.Bd3 c5 14.dxc5 bxc5 15.O-O Nd7
16.Qa3 Qf8 17.Ba6 Rcb8 18.b3 Rb4 19.h3 Qd6 20.Rfd1 Bf5 21.Bd3 Bxd3 22.Rxd3 a5
23.Qb2 a4 24.Qc2 axb3 25.axb3 Rab8 26.Rc3 Qf6 27.Qd1 Qd6 28.Ne1 d4 29.Nf3 Rd8
30.exd4 cxd4 31.Rc8 Rxc8 32.Rxc8+ Nf8 33.Qd3 g6 34.Nd2 Kg7 35.Ne4 Qe5 36.Rc5 Qb8
37.Rc4  1/2-1/2

[Event "Hoogovens"]
[Site "Wijk aan Zee"]
[Date "1973.??.??"]
[Round "5"]
[White "Szabo, Laszlo"]
[Black "Najdorf, Miguel"]
[Result "1/2-1/2"]
[WhiteElo "2555"]
[BlackElo "2540"]

1.Nf3 Nf6 2.g3 g6 3.b3 Bg7 4.Bb2 O-O 5.Bg2 d6 6.d4 e5 7.dxe5 Ng4 8.h3 Nxe5
9.Nxe5 dxe5 10.Qxd8 Rxd8 11.Nd2 Nc6 12.O-O-O Be6 13.Ne4 Rxd1+ 14.Rxd1 Rd8
15.Nc5 Bc8 16.Bxc6 Rxd1+ 17.Kxd1 bxc6 18.h4 f6 19.Bc1 Kf7 20.Be3 a6 21.Kd2 Bf8
22.Nd3 e4 23.Nc5 Bxc5 24.Bxc5 Bg4 25.Ke3 Ke6 26.Bb4 h5 27.c4 Kd7 28.Bc3 Ke6
29.Bd4 Ke7 30.a4 Ke6 31.a5 Ke7 32.Bb2 Ke6 33.b4 Ke7 34.b5 cxb5 35.cxb5 axb5  1/2-1/2

[Event "Hoogovens"]
[Site "Wijk aan Zee"]
[Date "1973.??.??"]
[Round "7"]
[White "Zuidema, Coenraad"]
[Black "Ljubojevic, Ljubomir"]
[Result "1/2-1/2"]
[WhiteElo "2430"]
[BlackElo "2550"]

1.e4 c5 2.Nf3 d6 3.d4 cxd4 4.Nxd4 Nf6 5.Nc3 a6 6.Be2 Nbd7 7.f4 Qb6 8.Bf3 g6
9.Nb3 Bg7 10.Qd3 O-O 11.Be3 Qc7 12.O-O Rb8 13.Ba7 Ra8 14.Bf2 Rb8 15.Ba7 Ra8
16.Bf2 Nb6 17.Nd2 Be6 18.Bd4 Rac8 19.Rf2 Ne8 20.Nd5 Bxd5 21.exd5 Na4 22.Bxg7 Nxg7
23.b3 Nc5 24.Qe2 b5 25.c3 Qb6 26.g3 Rfe8 27.Bg4 e6 28.dxe6 Ngxe6 29.Qf1 f5
30.Bf3 Kh8 31.Kg2 Nc7 32.Re2 d5 33.Rxe8+ Rxe8 34.Qf2 Qd6 35.Qd4+ Kg8 36.c4  1/2-1/2

[Event "Hoogovens"]
[Site "Wijk aan Zee"]
[Date "1973.??.??"]
[Round "8"]
[White "Andersson, Ulf"]
[Black "Szabo, Laszlo"]
[Result "1-0"]
[WhiteElo "2535"]
[BlackElo "2555"]

1.Nf3 Nf6 2.c4 g6 3.Nc3 Bg7 4.e4 d6 5.d4 O-O 6.Be2 Bg4 7.Be3 Nfd7 8.Rc1 c5
9.d5 Nb6 10.b3 Na6 11.h3 Bxf3 12.Bxf3 Nc7 13.Qd2 e5 14.g4 Nc8 15.h4 a6 16.Be2 Qd7
17.h5 b5 18.f3 bxc4 19.bxc4 Rb8 20.Bd3 Ne7 21.Qh2 f6 22.h6 Bh8 23.Qc2 Rb7
24.Rb1 Rfb8 25.Kf2 Kf7 26.Rxb7 Rxb7 27.Rb1 Qc8 28.Rxb7 Qxb7 29.Qb3 Qxb3 30.axb3 g5
31.Na4 Ng8 32.b4 cxb4 33.Bb6 Ne8 34.c5 dxc5 35.Bxc5 Nxh6 36.Bc4 Kg6 37.d6 Nxd6
38.Bxd6 a5 39.Nc5 Bg7 40.Be6 Nf7 41.Be7 Nh8 42.Nb7 h5 43.Nxa5 h4 44.Bxb4 Kh6
45.Bf5 Ng6 46.Nc6  1-0

[Event "Hoogovens"]
[Site "Wijk aan Zee"]
[Date "1973.??.??"]
[Round "9"]
[White "Zuidema, Coenraad"]
[Black "Ree, Hans"]
[Result "1/2-1/2"]
[WhiteElo "2430"]
[BlackElo "2480"]

1.e4 c5 2.Nf3 Nc6 3.d4 cxd4 4.Nxd4 g6 5.Nc3 Bg7 6.Be3 Nf6 7.Bc4 O-O 8.Bb3 d6
9.f3 Bd7 10.Qd2 Nxd4 11.Bxd4 b5 12.O-O a5 13.a3 Rb8 14.Nd5 Nxd5 15.Bxg7 Kxg7
16.Bxd5 Be6 17.Qd4+ Kg8 18.Bxe6 fxe6 19.Rfd1 Qb6 20.Qxb6 Rxb6 21.Kf2 Rc8  1/2-1/2

[Event "Hoogovens"]
[Site "Wijk aan Zee"]
[Date "1973.??.??"]
[Round "10"]
[White "Hort, Vlastimil"]
[Black "Ribli, Zoltan"]
[Result "1/2-1/2"]
[WhiteElo "2600"]
[BlackElo "2505"]

1.e4 c5 2.Nf3 Nc6 3.Bb5 g6 4.O-O Bg7 5.c3 Nf6 6.Re1 O-O 7.h3 a6 8.Bxc6 bxc6
9.d3 d6 10.e5 Nd5 11.Qa4 Qc7  1/2-1/2

[Event "Hoogovens"]
[Site "Wijk aan Zee"]
[Date "1973.??.??"]
[Round "10"]
[White "Hartoch, Robert G"]
[Black "Balashov, Yuri S"]
[Result "0-1"]
[WhiteElo "2430"]
[BlackElo "2560"]

1.c4 e6 2.Nf3 f5 3.g3 Nf6 4.Bg2 Be7 5.O-O O-O 6.Nc3 d5 7.d3 Kh8 8.a3 a5 9.Bf4 Nh5
10.Bd2 Nc6 11.cxd5 exd5 12.e3 Be6 13.Rc1 Nf6 14.Na4 Qe8 15.Qc2 Bd6 16.Nc5 Bc8
17.b4 axb4 18.axb4 b6 19.Ne6 Bxe6 20.Qxc6 Qxc6 21.Rxc6 Bd7 22.Rc3 Ra2 23.Rb1 Ne4
24.dxe4 fxe4 25.Be1 exf3 26.Bf1 Rfa8 27.Rd1 Ra1 28.Rcc1 Rxc1 29.Rxc1 Bf5
30.Bb5 Be4 31.Bc3 h6 32.Kf1 Ra3 33.Bd2 c5 34.bxc5 bxc5 35.Ke1 c4 36.Rc3 Ra2
37.Rc1  0-1

[Event "Hoogovens"]
[Site "Wijk aan Zee"]
[Date "1973.??.??"]
[Round "11"]
[White "Planinec, Albin"]
[Black "Ree, Hans"]
[Result "1-0"]
[WhiteElo "2520"]
[BlackElo "2480"]

1.g3 g6 2.Bg2 c5 3.Nf3 Bg7 4.d4 cxd4 5.Nxd4 Nc6 6.Nb3 Nf6 7.Nc3 d6 8.O-O O-O
9.Re1 Be6 10.e4 Qc8 11.Nd5 Bh3 12.a4 Bxg2 13.Kxg2 Re8 14.a5 Ne5 15.Ra4 Qc6
16.Rd4 Rac8 17.Re2 Nc4 18.c3 Qb5 19.h4 Nxd5 20.Rxd5 Qa4 21.h5 b6 22.hxg6 hxg6
23.Re1 bxa5 24.Nxa5 Qxd1 25.Rexd1 Nb6 26.Rb5 Na4 27.Rb4 Nc5 28.Kf3 Rc7 29.Be3 Rec8
30.Bd4 Na6 31.Ra4 Rb8 32.Ra2 Rb5 33.Bxg7 Kxg7 34.Rd5 Rb6 35.Ke3 e6 36.Rd1 Rb5
37.Rxd6 Nc5 38.b4 Nd7 39.Rc6 Rxa5 40.Rxc7 Rxa2 41.Rxd7 Rc2 42.Rc7 g5 43.b5 g4
44.Kd4 Ra2 45.c4 Kf6 46.e5+ Kg6 47.Rb7 Ra4 48.Kc5 Kf5 49.Rxf7+ Kxe5 50.Rf4 Ra2
51.Kc6 Rc2 52.c5 Rb2 53.Rxg4 Rxf2 54.Ra4  1-0

[Event "Hoogovens"]
[Site "Wijk aan Zee"]
[Date "1973.??.??"]
[Round "11"]
[White "Najdorf, Miguel"]
[Black "Langeweg, Kick"]
[Result "1-0"]
[WhiteElo "2540"]
[BlackElo "2425"]

1.d4 Nf6 2.Nf3 e6 3.e3 b6 4.Bd3 Bb7 5.O-O c5 6.c4 Be7 7.b3 cxd4 8.exd4 O-O
9.Qe2 d5 10.Bb2 Nc6 11.Nbd2 Rc8 12.Rac1 Re8 13.Rfd1 Bf8 14.Ne5 Nb4 15.Bb1 g6
16.Qe3 dxc4 17.bxc4 Bg7 18.Ndf3 Rc7 19.Ng5 Nh5 20.g4 Nf6 21.Qh3 h6 22.Ngxf7 Rxf7
23.Bxg6 Rff8 24.a3 Nc6 25.f4 Ne7 26.Bxe8 Nxe8 27.Qe3 b5 28.d5 exd5 29.cxb5 d4
30.Qxd4 Nd5 31.Qxa7 Nd6 32.Rxd5 Bxd5 33.Nc6 Bxb2 34.Nxd8 Bxc1 35.Qc5 Rxd8
36.Qxd5+ Nf7 37.Qf3 Rd4 38.b6 Bxf4 39.Qxf4 Rxf4 40.b7 Rxg4+ 41.Kh1  1-0

[Event "Hoogovens"]
[Site "Wijk aan Zee"]
[Date "1973.??.??"]
[Round "11"]
[White "Balashov, Yuri S"]
[Black "Zuidema, Coenraad"]
[Result "1-0"]
[WhiteElo "2560"]
[BlackElo "2430"]

1.e4 e5 2.Nf3 Nc6 3.Bb5 a6 4.Ba4 Nf6 5.O-O Be7 6.Re1 b5 7.Bb3 d6 8.c3 O-O
9.h3 Nb8 10.d4 Nbd7 11.Nbd2 Bb7 12.Bc2 Re8 13.Nf1 Bf8 14.Ng3 g6 15.Bd2 c5
16.d5 Bg7 17.b3 Nb6 18.Qc1 Bc8 19.a4 Qc7 20.Bd3 Bd7 21.a5 Nc8 22.b4 c4 23.Bc2 Kh8
24.Be3 Qd8 25.Qd2 Ng8 26.Nh2 Qh4 27.Nf3 Qe7 28.Rad1 Rf8 29.Nh2 f6 30.f4 Bh6
31.Nf3 exf4 32.Bxf4 Bxf4 33.Qxf4 Kg7 34.Nd4 Nh6 35.Ndf5+ Bxf5 36.exf5 Qa7+
37.Kh2 Qf7 38.Re6 Ra7 39.fxg6 hxg6 40.Ne4 Ng8 41.Nxd6 Nxd6 42.Qxd6 Ne7 43.Rf1 Nc8
44.Qc5 Rd7 45.Rfxf6  1-0

[Event "Hoogovens"]
[Site "Wijk aan Zee"]
[Date "1973.??.??"]
[Round "13"]
[White "Najdorf, Miguel"]
[Black "Andersson, Ulf"]
[Result "1/2-1/2"]
[WhiteElo "2540"]
[BlackElo "2535"]

1.Nf3 c5 2.e4 e6 3.d4 cxd4 4.Nxd4 a6 5.Nc3 d6 6.g3 Nf6 7.Bg2 Be7 8.Be3 Qc7
9.g4 Nc6 10.g5 Nd7 11.h4 b5 12.Nxc6 Qxc6 13.Qd4 Rg8 14.O-O-O Bb7 15.f4 Rc8
16.Kb1 Qc5 17.a3 Qxd4 18.Bxd4 Bd8 19.Bh3 Ke7 20.Rhe1 Ba5 21.b4 Bc7  1/2-1/2